| 000 | 00451nam a2200157Ia 4500 | ||
|---|---|---|---|
| 008 | 130318s9999 xx 000 0 und d | ||
| 020 | _a471430676 | ||
| 082 | _a658.515 PIL/W | ||
| 100 | _aPilzer, Paul Zane | ||
| 245 | _aWellness revolution: How to make a fortune in the next trillion dollar industry | ||
| 260 |
_bWiley _aSan Francisco _c2002 |
||
| 300 | _a260 | ||
| 650 | _aENTREPRENEURSHIP | ||
| 650 | _aHEALTH PRODUCTS | ||
| 650 | _aHEALTH PROMOTION | ||
| 999 |
_c724 _d724 |
||